LEADER 00648oam 2200181z- 450 001 9910557968303321 035 $a(CKB)5400000000046837 035 $a(EXLCZ)995400000000046837 100 $a20220921c2003uuuu -u- - 101 0 $afre 200 10$aAnticléricalisme intra-protestant en Europe continentale (xviie-xviiie 210 $cLARHRA 517 $aL’AnticlÃricalisme intra-protestant en Europe continentale 517 $aAnticléricalisme intra-protestant en Europe continentale 906 $aBOOK 912 $a9910557968303321 996 $aAnticléricalisme intra-protestant en Europe continentale (xviie-xviiie$92825328 997 $aUNINA LEADER 01120nam a2200277 i 4500 001 991002419809707536 008 140127s2010 it b 001 0 ita d 020 $a9788833920597 035 $ab14171193-39ule_inst 040 $aDip. di Studi Umanistici$bita 041 1 $aita$heng 082 $a152 100 1 $aGopnik, Alison$0478574 245 13$aIl bambino filosofo :$bcome i bambini ci insegnano a dire la verità, amare e capire il senso della vita /$cAlison Gopnik 260 $aTorino :$bBollati Boringhieri,$cc 2010 300 $a298 p. :$bill. ;$c22 cm 440 0$aNuovi saggi Bollati Boringhieri ;$v2 504 $aBibliografia p. 263-288. Indice 650 04$aPsicologia infantile 765 0 $aThe$tphilosophical baby. What children's mind tell us about truth, love, and the meaning of life 907 $a.b14171193$b02-04-14$c27-01-14 912 $a991002419809707536 945 $aLE005 152 GOP 01.01$g1$i2005000355509$lle005$op$pE12.70$q-$rl$s- $t0$u2$v1$w2$x0$y.i15591992$z24-02-14 996 $aBambino filosofo$9260134 997 $aUNISALENTO 998 $ale007$b27-01-14$cm$da $e-$fita$git $h3$i0